Дело о вызове в Санкт-Петербург инспектора Киевского института благородных девиц адъюнкта Киевского университета В.Я. Шульгина, ...

Доступно только в Электронных читальных залах Найти на картеНа карте
RUSMARC
00004784nmc2a2200000 x 450
0010c9cd4c6-de1d-4766-906a-98e8268f5c45
00520170918124738.0
100##$a20140926l18571857k l0rusy0189 ca
1010#$arus
102##$aRU
2001#$aДело о вызове в Санкт-Петербург инспектора Киевского института благородных девиц адъюнкта Киевского университета В.Я. Шульгина, для участия в совещаниях учрежденного при Четвертом отделении собственной его императорского величества канцелярии Учебного комитета
$j31 октября - 7 ноября 1857 г.
251##$cДело
300##$aДело
300##$aОриг. заголовок дела: Дело о вызове в Санкт-Петербург инспектора Киевского института благородных девиц адъюнкта университета Святого Владимира Шульгина для участия в совещаниях, учрежденного при 4-ом отделении собственной его императорского величества канцелярии Учебного комитета по исправлению изданных в оных отделах учебных планов. 31 октября 1857 г. - 7 ноября 1857 г
801#0$aRU
$bРГИА
$c20140926
$gRCR
801#1$aRU
$bГлавНИВЦ
$c20140926
$2rusmarc
801#2$aRU
$bПБ им. Б.Н. Ельцина
$c20170918
$gRCR
$2rusmarc
850##$aРГИА
852##$aРГИА
$eФедеральное казенное учреждение "Российский государственный исторический архив" (РГИА)
$j839
937##$hРГИА
$d11180970
$aASBIBLIO_SCAN
461#0$1001a74412a3-3cc5-4d21-8f0a-dfe2fbd9e72d
$12001
$aДепартамент народного просвещения Министерства народного просвещения (1803-1917)
$1251
$cФонд
$1852
$j733
462#0$1001c9a9d1c9-3da2-424e-b51f-238006e4c3e3
$12001
$aДела Департамента народного просвещения по Киевскому учебному округу за 1845-1862 гг.
$1251
$cОпись
$1852
$j70
215##$a4 л.
$d36,5х26 см
371##$aДокумент не является опубликованным и широко распространяемым
105##$ay###
1222#$ad
5171#$aДело о вызове в Санкт-Петербург инспектора Киевского института благородных девиц адъюнкта университета Святого Владимира Шульгина для участия в совещаниях, учрежденного при 4-ом отделении собственной его императорского величества канцелярии Учебного комитета по исправлению изданных в оных отделах учебных планов. 31 октября 1857 г. - 7 ноября 1857 г.
035##$a0c9cd4c6-de1d-4766-906a-98e8268f5c45
856##$uhttp://readingroom.main.prlib.ru/item.aspx?id_node=n104819496&mode=full
Формат отображения